QUEST Central Library Banner

Operations Research (Record no. 6965)

MARC details
000 -LEADER
fixed length control field 00438nam a2200169 a 4500
020 ## - INTERNATIONAL STANDARD BOOK NUMBER
ISBN 8121902819 (paperback)
020 ## - INTERNATIONAL STANDARD BOOK NUMBER
ISBN 9788121902816 (paperback)
082 ## - DEWEY DECIMAL CLASSIFICATION NUMBER
Classification number 001.424KUM
100 1# - MAIN ENTRY--AUTHOR NAME
Personal name Gupta, Prem Kumar.
245 10 - TITLE STATEMENT
Title Operations Research
250 ## - EDITION STATEMENT
Edition statement Revised.
260 ## - PUBLICATION, DISTRIBUTION, ETC. (IMPRINT)
Place of publication [S.l.] :
Name of publisher S Chand & Co Ltd,
Year of publication 2007.
300 ## - PHYSICAL DESCRIPTION
Number of Pages 1377 p. ;
700 ## - ADDED ENTRY--PERSONAL NAME
Personal name D.S Hira
856 40 - ELECTRONIC LOCATION AND ACCESS
Uniform Resource Identifier http://10.10.170.122:8080/browse/book/13489
942 ## - ADDED ENTRY ELEMENTS (KOHA)
Koha item type Books
Holdings
Withdrawn status Lost status Home library Current library Date acquired Cost, normal purchase price Full call number Accession Number Koha item type
    Central Library, QUEST, Nawabshah Central Library, QUEST, Nawabshah 17/06/2014 709.75 001.624GUP 29915 Books

Copyright © 2018,The QUEST, Nawabshah, Shaheed Benazirabad. All rights reserved
Mr. G. Farooq Channar (Librarian) QUEST, Nawabshah, Sindh, Pakistan 67480.
 Ph#: |   0244-9370381-4 Ext. 2308   Email| lib@quest.edu.pk   Web|  http://www.quest.edu.pk